000 01549cam a2200301 a 4500
999 _c3403
_d3403
001 1664570
003 OSt
005 20231220091844.0
008 180427s2018 enka j 000 0 eng d
015 _aGBB875457
_2bnb
020 _a9780008304607
_q(pbk.) :
040 _aAUNRT
_beng
_erda
_cAUNRT
_dATCDL
_dOCLCF
_dATBIA
_dTNH
_dCNCAR
_dUKMGB
_dMLN
_dKH8
042 _anbic
082 0 _a823.92 WAL
100 1 _aWalliams, David,
_d1971-
_eAuthor
245 1 4 _aThe world's worst children.
_n3 /
_cDavid Walliams ; illustrated by Tony Ross.
260 _aLondon, England :
_bHarperCollins,
_c2018.
300 _a282 p. :
_bcolour ill. ;
_c20 cm.
490 1 _aThe world's worst children;
_vbk.3.
505 0 _aThe terrible triplets -- Tandy's tantrums -- Boastful Barnabus -- Fanny's funny faces -- Hank's pranks -- Honey the hogger -- Vain Valentine -- Bonnie Bossypants -- Walter the wasp -- Kung Fu Kylie.
520 _aJust when you thought it was safe to go back to your bookshelf, 10 more horrendously hilarious stories about the absolute worst children ever! From ten-year old Hank and his endless pranks on his poor, long-suffering family, to Tandy and her titanic tantrums - this brand new collection is the perfect companion to World's Worst Children books 1 and 2 and an ideal gift for the worst children in your life!
650 0 _aConduct of life
_vJuvenile fiction.
650 0 _aChildren's stories.
650 0 _aShort stories.
700 1 _aRoss, Tony.
_eIllustrator
830 0 _aThe world's worst children;
_vbk.3.
942 _2ddc
_cFIC